عرض عادي عرض مارك
  • Larson, Ron,

مدخل إسم شخص

عدد التسجيلات المستخدمة في: 5

001 - رقم الضبط

  • حقل الضبط: 18131

003 - معرف رقم الضبط

  • حقل الضبط: OSt

005 - تاريخ ووقت أخر عملية

  • حقل الضبط: 20121203232825.0

008 - عناصر بيانات ثابتة الطول

  • حقل تحكم ثابت الطول: 121203|||a|||||| | ||| d

040 ## - مصدر الفهرسة

  • هيئة الفهرسة الأصلية: OSt
  • وكالة الكتابة: OSt

100 ## - مدخل -- أسم شخص

  • إسم شخص: Larson, Ron,
  • تواريخ مرتبطة بالاسم: 1941-

670 ## - بيانات المصدر موجوده

  • الاستشهاد بالمصدر: Work cat.: (OSt)0: Larson, Ron, 1941-, Elementary statistics :, c2009.